000 00291nam a22001337a 4500
008 181017b xxu||||| |||| 00| 0 eng d
020 _a9780471441076
041 _aeng
080 _27 ED
_a910
100 _a42
101 _aGEO
245 _aHuman Geography
_cBlij.H.J
942 _2udc
_cBK
999 _c50076
_d50076